Devine l'animé en 3 mots #2 - Statistiques

Statistiques générales
  • Ce quiz a été pris 261 fois
  • Le résultat moyen est 6 sur 10
Statistiques - réponses
3 mots Série % Correct
Examens, Aventure, Nen Hunter x Hunter
83%
Héros, Lycée, Pouvoirs My Hero Academia
82%
Magie, Guilde, Aventure Fairy Tail
75%
Alchimie, Frères, Philosophie Fullmetal Alchemist
72%
Foot, Equipe, Pouvoirs Inazuma Eleven
72%
Shinigami, Épée, Âmes Bleach
71%
Ananas, Mer, Folie Bob l'éponge
64%
Lune, Amour, Magie Sailor Moon
42%
Éléments, Harmonie, Destin Avatar
35%
Robot, Espace, Futur Futurama
9%
Aucun quiz correspondant
Distribution des résultats
% des personnes avec chaque résultat
Percentile par nombre de réponses
Votre historique - résultats
Vous n’avez pas pris ce quiz